000 00657nam a2200265Ia 4500
003 OSt
005 20220912152747.0
006 a|||||r|||| 00| 0
007 ta
008 220909b |||||||| |||| 00| 0 eng d
024 _a35596
037 _cTextual
040 _aCSL
_beng
_cCSL
041 _aeng
082 _aE5:810aG91, L2
100 _aFonken G S
245 0 _aChemical oxidations with microogranisms
260 _c1972
300 _ap.
_ccm.
650 _a Micro organisms
650 _aChemistry
700 _a Johnson R A
942 _hE5:810aG91, L2
_cTEXL
_2CC
999 _c91511
_d91511